Statistics for RB Salzburg 2020's Starting XI

Click here to take the quiz!

General Stats

  • This quiz has been taken 17 times
  • The average score is 15 of 33

Answer Stats

HintAnswer% Correct
2021-22STKarim Adeyemi
87%
2021-22CBMaximilian Wöber
67%
2020-21CBMaximilian Wöber
67%
2019-20CBMaximilian Wöber
67%
2021-22AMBrenden Aaronson
60%
2020-21LMBrenden Aaronson
60%
2021-22STNoah Okafor
60%
2019-20STPatson Daka
60%
2020-21STPatson Daka
60%
2019-20LBAndreas Ulmer
53%
2021-22LBAndreas Ulmer
53%
2020-21LBAndreas Ulmer
53%
2020-21RBRasmus Kristensen
53%
2021-22RBRasmus Kristensen
53%
2019-20CMZlatko Junuzovic
47%
2020-21CMZlatko Junuzovic
47%
2020-21CBAndre Ramalho
40%
2019-20CBAndre Ramalho
40%
2021-22CBOumar Solet
40%
2021-22GKPhilipp Köhn
40%
2019-20GKCican Stankovic
33%
2020-21GKCican Stankovic
33%
2019-20CMEnock Mwepu
33%
2020-21RMEnock Mwepu
33%
2019-20STHee-chan Hwang
33%
2021-22CMLuka Sucic
33%
2020-21CMMohamed Camara
33%
2021-22DMMohamed Camara
33%
2021-22CMNicolas Seiwald
33%
2019-20AMDominik Szoboszlai
27%
2019-20RBAlbert Vallci
20%
2020-21STMergim Berisha
20%
2019-20CMMajeed Ashimeru
7%

Score Distribution

Percentile by Number Answered

Percent of People with Each Score

Your Score History

You have not taken this quiz